Desarrolla tu eficiencia y productividad en la venta de seguros

Detalles Bibliográficos
Autor principal: Hernǹdez y Lozano, Antonio Emmanuel
Otros Autores: Girn̤ Ocampo, Elos̕a
Formato: eBook
Lenguaje:español
Publicado: Ciudad de Mx̌ico: Instituto Mexicano de Contadores Pb︢licos, 2018
Materias:
Acceso en línea:Acceso restringido

MARC

LEADER 00000nam a22000007a 4500
005 20190405234720.0
007 cr|||| ||||
008 190405s2018 mx |||||s|||| 00||0 spa d
020 |a 978-607-8552-92-4 
035 |a 23047 
040 |a vLex 
090 |c 8570  |d 8570 
100 1 |a Hernǹdez y Lozano, Antonio Emmanuel 
245 1 0 |a Desarrolla tu eficiencia y productividad en la venta de seguros  |h [Recurso electrn̤ico] /  |c Antonio Emmanuel Hernǹdez y Lozano, Elos̕a Girn̤ Ocampo 
256 |a Servicio en ln̕ea 
260 |a Ciudad de Mx̌ico:  |b Instituto Mexicano de Contadores Pb︢licos,  |c 2018 
300 |a 1 recurso electrn̤ico 
500 |a Buena parte del material que aqu ̕se presenta ha sido utilizado en cursos y conferencias impartidas en aseguradoras, agencias, promotora̕s de seguros e institutos de capacitacin̤; adems̀, su contenido es resultado de una interesante bibliografa̕, pero ms̀ an︢ del intercambio de ideas compartidas con los asegurados y con las personas ligadas al mundo de los seguros. El asesor de seguros debe identifi car los riesgos que pueden producir přdidas fi nancieras a cualquier persona fs̕ica o moral, determinar la ocurrencia de estos y establecer el impacto econm̤ico de esta ocurrencia; asimismo, seleccionar las acciones preventivas pertinentes y establecer un plan de accin̤ para minimizarlos, evitarlos o transferirlos a una empresa aseguradora. En Desarrolla tu efi ciencia y productividad en la venta de seguros se exponen los siguientes temas: razones por las que se compran y/o venden los seguros en general; los conceptos y las defi niciones del seguro, sus riesgos y su clasifi cacin̤; la prospectacin̤ y el mercado; las necesidades asegurables; la elaboracin̤ de un programa de aseguramiento y la determinacin̤ de la suma asegurada; el manejo y la clasifi cacin̤ de las objeciones y la manera para responderlas; los cierres infalibles; los elementos importantes en la automotivacin̤ personal; la planeacin̤ de metas, objetivos y programas de trabajo y cm̤o alcanzar sus objetivos con x̌ito. En consecuencia, la naturaleza y razn̤ de ser del asesor de seguros ser ̀detectar necesidades y/o problemas especf̕i cos con la idea fundamental de resolver problemas concretos, gracias a sus conocimientos tčnicos especializados y relacionados con la proteccin̤, resguardo y seguridad del patrimonio de las personas fs̕icas o morales, ya que no se trata de vender por vender, se trata de concienciar el siguiente aforismo: “el que no vende para servir, no sirve para vender”. 
506 1 |a Disponible solo en los productos indicados  |d vLex Global  |d vLex Global (Academic Edition, excluding Law Schools)  |d vLex Global (U.S. Academic Edition, Law Schools)  |d vLex Global (U.S. Academic Edition, excluding Law Schools)  |d vLex Global (Academic Edition, Law Schools) 
650 0 4 |a Seguros  |z Mx̌ico 
700 1 |a Girn̤ Ocampo, Elos̕a 
740 0 |a vLex Libros (Servicio en ln̕ea) 
856 4 0 |u http://vlex.com/source/desarrolla-tu-eficiencia-y-productividad-en-la-venta-de-seguros-23047  |z Acceso restringido 
942 |c BOOK 
999 0 |a Insurance